00435nam a2200169Ia 4500003000400000008004100004040001600045082001800061100001700079245004900096260003600145300001000181650002500191650001400216650002200230650001300252GCL140319s9999 xx 000 0 eng d aGCL / cGCL04a621.3851bH I1 aHAWTON, H. S10aINTEGRATED DIGITAL NETWORKS / cHAWTON, H. S a[S.N] : bSIGMA PRESS ، c1993 a395 P04aDIGITAL TRANSMISSION04aTELEPHONE04aDIGITAL (NETWORK)04aNET WORK